Carnestoltes a Barcelona : febrer de 1915 / febrer de 1915 /
Descripción Física:
1 targeta postal ; il. b/n ; 15 x 11 cm
Colección:
#MiremElPassat
Materias:
Arxiu General de la Diputació de Barcelona -- Exposicions
; Carnestoltes -- Barcelona (Catalunya)
; Barcelona (Catalunya) -- Vida social i costums -- S. XX
; Targetes postals
Idioma:
Catalán
MARC
| LEADER | 00000nkm a22000007a 4500 | ||
|---|---|---|---|
| 001 | 27696 | ||
| 003 | Arxiu | ||
| 005 | 20260324181513.0 | ||
| 008 | 230417b spa||||| |||| 00| 0 cat d | ||
| 017 | |a B 6544-2019 | ||
| 040 | |a agdb |b cat | ||
| 100 | |9 52688 |a Juandó Alegret, Frederic, |d 1882-1961 | ||
| 245 | |a Carnestoltes a Barcelona : |b febrer de 1915 / |c Frederic Juandó Alegret | ||
| 246 | |a Mirem el passat | ||
| 260 | |a Barcelona : |b Diputació de Barcelona ; |c 2019 | ||
| 300 | |a 1 targeta postal ; |b il. b/n ; |c 15 x 11 cm | ||
| 490 | |a #MiremElPassat | ||
| 500 | |a Comparsa 'Los Húngaros', que va guanyar un premi de 250 pessetes, gentilesa del Casino Mercantil. Cruïlla del passeig de Gràcia amb l'avinguda Diagonal. Al fons, l'església de Pompeia, i a l'esquerra, el Palau Robert. | ||
| 500 | |a L'exposició és un recull de fotografies antigues del primer terç del segle XX. Un segle després, han tornat a l'actualitat gràcies a l'èxit de la seva difusió a les xarxes socials, amb l'etiqueta #MiremElPassat. | ||
| 610 | 2 | 0 | |9 55932 |a Arxiu General de la Diputació de Barcelona |v Exposicions |
| 650 | 0 | |a Carnestoltes |z Barcelona (Catalunya) | |
| 651 | 0 | |a Barcelona (Catalunya) |x Vida social i costums |y S. XX |9 52686 | |
| 655 | 0 | |9 52685 |a Targetes postals | |
| 710 | 1 | |9 51838 |a Barcelona (Catalunya : Província). |b Gabinet de Premsa i Comunicació | |
| 710 | 1 | |9 52704 |a Arxiu General de la Diputació de Barcelona | |
| 856 | 4 | 0 | |u https://www.diba.cat/documents/227879549/231875408/Postal+carnaval+Barcelona/0338aee1-b2d5-4d6c-8799-9cf9d9d3fee8 |y Accés lliure (Portal corporatiu de l'Arxiu General de la Diputació de Barcelona) |
| 942 | |2 udc |c ARXIU |n 1 | ||
| 952 | |0 0 |1 0 |2 udc |4 0 |6 NBM1736 |7 1 |9 66125 |a Arxiu |b Arxiu |d 2023-04-17 |l 0 |o NBM-17-36 |p 27696 |r 2023-04-17 00:00:00 |w 2023-04-17 |y ARXIU | ||
| 999 | |c 83358 |d 83358 | ||